Real Madrid C.F's Ideal Starting 11 - Statistics

General Stats
  • This quiz has been taken 447 times
    428 since last reset
  • The average score is 11 of 12
Answer Stats
Position Player % Correct
LW Ronaldo
97%
ST Benzema
96%
CB Ramos
95%
RCM Kroos
94%
LCM Modric
94%
RW Bale
92%
LB Marcelo
92%
RB Carvajal
90%
CDM Casemiro
90%
GK Navas
90%
CB Varane
87%
CAM Isco
82%
No matching quizzes found
Score Distribution
Percent of People with Each Score
Percentile by Number Answered
Your Score History
You have not taken this quiz since the last reset